000 00870nam a2200217 a 4500
001 000045649
003 OSt
005 20210923120010.0
008 150421d1981 dr 000 0 spa d
040 _aDO-SdBNP
_bspa
_cBNPHU
100 1 _aDomínguez, Franklin,
_d1931-
_914950
245 1 0 _aLisístrata odia la política :
_bobra teatral en tres actos inspirada en un tema de Aristófanes /
_cFranklin Domínguez.
260 _aSanto Domingo :
_bSecretaría de Estado de Educación, Bellas Artes y Cultos,
_c1981.
300 _a127 p. ;
_c21 cm.
490 _aPremios nacionales Santo Domingo, República Dominicana.
500 _aFeria Nacional del libro, 1981.
586 _aPremio nacional de teatro, Cristóbal de Llerena, 1980.
590 _aInventariado, 2021 /LP
830 0 _aPremios nacionales Santo Domingo, República Dominicana.
_9718
942 _2ddc
_cLBS1
999 _c45138
_d45138